000 006220000a22001930004500
090 _aAR
_b00610
245 1 0 _aDistribution, status and biogeography of the west Indian manatee
650 1 4 _aBiogeografía
_992747
650 1 4 _aDistribución geográfica
_992997
650 1 4 _aMamíferos acuáticos
_993274
653 _gTrichechus
_eTrichechus manatus
_vmanatí
041 0 _aInglés
700 1 _aRathbun, Galen B.
_993293
700 1 _aO'Shea, Thomas J.
_993277
700 1 _aBest, R. C.
_993709
100 1 _aLefebvre, Lynn W.
_993710
942 _cARTICULO
773 1 _tBiogeography of the West Indies
_3237
_q567-610
_d1989
999 _c9702
_d9702